Guess The Taylor Swift Song #4 - Statistics

General Stats
  • This quiz has been taken 166 times
  • The average score is 146 of 253
Answer Stats
Answer % Correct
I
100%
i
100%
you
99%
the
95%
your
92%
me
90%
is
88%
in
87%
my
87%
and
85%
And
85%
that
85%
That
85%
he
83%
who
82%
on
80%
this
79%
This
79%
to
79%
was
79%
go
78%
not
78%
be
77%
like
77%
im
76%
so
76%
but
68%
But
68%
ha
68%
say
68%
him
63%
if
63%
id
62%
Ive
61%
with
61%
how
59%
from
53%
about
52%
gonna
52%
up
52%
la
50%
think
50%
cause
47%
monologue
46%
their
45%
got
44%
talk
44%
well
44%
things
43%
theres
36%
nothing
35%
something
34%
real
33%
broke
32%
into
32%
phone
32%
cheat
31%
doing
31%
joe
31%
Joe
31%
bad
30%
guy
30%
SNL
30%
songs
30%
Hey
29%
writing
29%
kanye
28%
glitter
27%
might
27%
mention
26%
bring
25%
dresses
25%
hosting
25%
names
25%
sparkly
25%
stage
25%
twilight
25%
musical
24%
public
23%
wondering
23%
dating
22%
VMA
22%
more
21%
security
21%
werewolf
21%
ashamed
20%
tonight
20%
comment
19%
smell
19%
baking
18%
ran
18%
winter
18%
expecting
17%
lining
17%
ok
17%
brag
14%
everythings
14%
during
6%
people
5%
monolouge
4%
No matching quizzes found
Score Distribution
Percent of People with Each Score
Percentile by Number Answered
Your Score History
You have not taken this quiz